| 000 | 00465nam a22001817a 4500 | ||
|---|---|---|---|
| 005 | 20240429092413.0 | ||
| 008 | 240429b |||||||| |||| 00| 0 eng d | ||
| 082 |
_a617 _bZAF-E |
||
| 100 | _aZafar ahmad . | ||
| 245 |
_aEcstasy of Surgery / _cZafar ahmad . |
||
| 260 |
_apaksitan : _bFerozons; _c2017. |
||
| 300 |
_a2762p. _bill; _c23cm. |
||
| 490 | _vvol. 3 | ||
| 500 | _aInclude index . | ||
| 650 | _aMedical / Surgery | ||
| 700 | _aZafar ahmad . | ||
| 999 |
_c35614 _d35614 |
||